A very taxing question (Record no. 75039)

MARC details
000 -LEADER
fixed length control field 00799cab a2200193 4500
001 - CONTROL NUMBER
control field L129270
008 - FIXED-LENGTH DATA ELEMENTS--GENERAL INFORMATION
fixed length control field 050406n2005 000 0 eng u
035 ## - SYSTEM CONTROL NUMBER
System control number (Sirsi) u129270
041 ## - LANGUAGE CODE
Language code of text/sound track or separate title eng
100 ## - MAIN ENTRY--PERSONAL NAME
Personal name Murdoch, Sandi
245 #2 - TITLE STATEMENT
Title A very taxing question
260 ## - PUBLICATION, DISTRIBUTION, ETC.
Date of publication, distribution, etc. 2005
490 ## - SERIES STATEMENT
Series statement Estates Gazette
Volume/sequential designation (0511) 19 March 2005, 179(1)
520 ## - SUMMARY, ETC.
Summary, etc. Discusses the issue of including or excluding VAT in the calculation of rents based upon turnover in relation to the case "Debenham Retail plc v Sun Alliance and London Assurance Co Ltd" ([2004] EWHC 2940 (Ch)). It depends on the wording of the lease and, in some cases, its age.
590 ## - LOCAL NOTE (RLIN)
Local note IKA150405
650 ## - SUBJECT ADDED ENTRY--TOPICAL TERM
Topical term or geographic name entry element DEBENHAM RETAIL PLC V SUN ALLIANCE AND THE LONDON ASSURANCE CO LTD
690 ## - LOCAL SUBJECT ADDED ENTRY--TOPICAL TERM (OCLC, RLIN)
Topical term or geographic name as entry element PROPERTY-PROPERTY TAXATION
942 ## - ADDED ENTRY ELEMENTS (KOHA)
Suppress in OPAC 0
Holdings
Withdrawn status Lost status Source of classification or shelving scheme Damaged status Not for loan Home library Current library Shelving location Date acquired Total Checkouts Full call number Barcode Date last seen Copy number Price effective from Koha item type
    Dewey Decimal Classification     London London Journal article 06/04/2005   L129270 129270-1001 06/08/2019 1 06/08/2019 Journal article